| 000 | 00000nam##2200000za#4500 |
| 001 | 9.646577 |
| 003 | CaOODSP |
| 005 | 20241203113635 |
| 007 | ta |
| 008 | 150407|1997||||xxc||||| f|0| 0 eng|d |
| 020 | |a0-662-25665-4 |
| 040 | |aCaOODSP|beng |
| 043 | |an-cn--- |
| 086 | 1 |aEn21-125/1997E |
| 110 | 1 |aCanada. |bEnvironment Canada. |
| 245 | 10|aCanada's second national report on climate change : |bactions to meet commitments under the United Nations Framework Convention on Climate Change, updated, November, 1997 |
| 260 | |aOttawa - Ontario : |bEnvironment Canada |c1997. |
| 300 | |axiv, 141p. : |bgraphs, tables ; |c28 cm. |
| 500 | |aContents: Introduction.--National circumstances.--Canada's National Greenhouse Gas Emission Inventory.--Policies and measures.--The emission projection to 2020.--Possible impacts of climate change on Canada.--Adaptation.--Financial assistance and technology transfer.--Research and systematic observations.--Education, training and public awareness. Logo on cover: Government of Canada. |
| 563 | |aSpiral binding |
| 590 | |a98-36|b1998-09-04 |
| 690 | 07|aClimate|2gcpds |
| 775 | 08|tDeuxième rapport national du Canada sur les changements climatiques : |w(CaOODSP)9.680130 |
| 776 | 0#|tCanada's second national report on climate change : |w(CaOODSP)9.694860 |